000 00501nam a22001577a 4500
005 20231031100400.0
008 231031b |||||||| |||| 00| 0 eng d
041 _aEnglish
082 _a346.7 CON
100 _aMcQuoid-Mason, D et al.
_lEnglish
245 _aConsumer Law in South Africa /
_cD McQuoid-Mason et al.
260 _aCape Town :
_bJuta and Company Ltd,
_c1997
300 _bxlxvi, 386 pages ;
_c26 cm.
650 _alegal practice
_bLaw
942 _cBK
_6ALISON_BN_VRIES
999 _c176
_d176